000 00517nam a2200181Ia 4500
999 _c1338
_d1338
003 OSt
005 20200925135938.0
008 190216s9999||||xx |||||||||||||| ||und||
020 _a0852268394
040 _coclc
082 _a574.87
_bSTE/B
100 _aStern, Herbert
_95016
245 0 _aThe Biology Of Cells /
_cHerbert Stern ; David L Nanney
260 _bWiley Eastern Ltd,
_c1975.
_aNew Delhi:
300 _a548p
650 _aBotany
942 _cBK
_2ddc
_h574.87
_iSTE/B
_k574.87
_mSTE/B